Apprendre les métiers en espagnol - Statistiques

Statistiques générales
  • Ce quiz a été pris 95 fois
  • Le résultat moyen est 9 sur 51
Statistiques - réponses
Français Espagnol / Español % Correct
Acteur Actor
94%
Artiste Artista
75%
Chanteur Cantante
52%
Coiffeur Peluquero
48%
Policier Policía
37%
Pompier Bombero
35%
Pilote Piloto
35%
Vendeur Vendedor
31%
Vétérinaire Veterinario
29%
Danseur Bailarín
27%
Infirmier Enfermero
23%
Journaliste Periodista
23%
Médecin Doctor
21%
Mécanicien Mecánico
21%
Fleuriste Florista
19%
Soldat Soldado
19%
Jardinier Jardinero
17%
Pêcheur Pescador
17%
Secrétaire Secretario
17%
Boucher Carnicero
15%
Boulanger Panadero
15%
Chauffeur de taxi Taxista
15%
Scientifique Científico
13%
Écrivain Escritor
13%
Ouvrier Obrero
13%
Banquier Banquero
12%
Cuisiner Cocinar
12%
Éducateur Educador
12%
Chauffeur de bus Conductor de autobús
10%
Comptable Contador
10%
Ingénieur Ingeniero
10%
Serveur Servidor
10%
Chasseur Cazador
8%
Électricien Electricista
8%
Enseignant Maestro
8%
Psychologue Psicólogo
8%
Réceptionniste Recepcionista
8%
Hôtesse de l’air Auxiliar de vuelo
6%
Maçon Masón
6%
Pédiatre Pediatra
6%
Technicien Técnico
6%
Femme de ménage Criada
4%
Psychiatre Psiquiatra
4%
Livreur Repartidor
4%
Chauffeur poids lourd Conductor de vehículo pesado
2%
Garde du corps Guardaespaldas
2%
Esthéticienne Cosmetólogo
0%
Aide-soignant Cuidador
0%
Agent de sécurité Guardia de seguridad
0%
Grutier Operador de grúa
0%
Maître nageur Salvavidas
0%
Aucun quiz correspondant
Distribution des résultats
% des personnes avec chaque résultat
Percentile par nombre de réponses
Votre historique - résultats
Vous n’avez pas pris ce quiz